Viêm gan virus B, D, C, A, E, GB : Cơ bản, hiện đại và cập nhật
Giới thiệu lịch sử các bệnh viêm gan virus B, D, C, A, E, GB. Cấu trúc sinh học, sinh bệnh học. Biểu hiện lâm sàng, dịch tễ học
Guardado en:
| Autor principal: | |
|---|---|
| Formato: | Libro |
| Lenguaje: | Vietnamese |
| Publicado: |
H.
Y học
2009
|
| Edición: | Tái bản lần thứ 1, có sửa chữa, bổ sung |
| Etiquetas: |
Agregar Etiqueta
Sin Etiquetas, Sea el primero en etiquetar este registro!
|
| Thư viện lưu trữ: | Thư viện Trường Đại học Nam Cần Thơ |
|---|
| LEADER | 01426aam a22002298a 4500 | ||
|---|---|---|---|
| 001 | NCT_10399 | ||
| 008 | 090723s2009 ||||||viesd | ||
| 999 | |c 503 |d 503 | ||
| 020 | |c 121000 | ||
| 082 | 0 | 4 | |2 23rd ed. |a 616.363 |b S431 |
| 100 | 1 | |a Phạm Song | |
| 245 | 1 | 0 | |a Viêm gan virus B, D, C, A, E, GB : |b Cơ bản, hiện đại và cập nhật |c Phạm Song |
| 250 | |a Tái bản lần thứ 1, có sửa chữa, bổ sung | ||
| 260 | |a H. |b Y học |c 2009 | ||
| 300 | |a 292tr. |b hình vẽ |c 24cm | ||
| 520 | 3 | |a Giới thiệu lịch sử các bệnh viêm gan virus B, D, C, A, E, GB. Cấu trúc sinh học, sinh bệnh học. Biểu hiện lâm sàng, dịch tễ học | |
| 942 | |2 ddc |c BK | ||
| 952 | |0 0 |1 0 |2 ddc |4 0 |6 616_363000000000000_S431 |7 0 |9 3756 |a 000001 |b 000001 |d 2017-11-16 |o 616.363 S431 |p MD.05611 |r 2017-11-16 |v 121000.00 |w 2017-11-16 |y BK | ||
| 952 | |0 0 |1 0 |2 ddc |4 0 |6 616_363000000000000_S431 |7 0 |9 3757 |a 000001 |b 000001 |d 2017-11-16 |l 3 |o 616.363 S431 |p MD.05612 |r 2019-05-09 |s 2019-05-03 |v 121000.00 |w 2017-11-16 |y BK | ||
| 952 | |0 0 |1 0 |2 ddc |4 0 |6 616_363000000000000_S431 |7 0 |9 3758 |a 000001 |b 000001 |d 2017-11-16 |o 616.363 S431 |p MD.05613 |r 2017-11-16 |v 121000.00 |w 2017-11-16 |y BK | ||
| 952 | |0 0 |1 0 |2 ddc |4 0 |6 616_363000000000000_S431 |7 0 |9 3759 |a 000001 |b 000001 |d 2017-11-16 |o 616.363 S431 |p MD.05614 |r 2018-03-30 |v 121000.00 |w 2017-11-16 |y BK | ||
| 980 | |a Thư viện Trường Đại học Nam Cần Thơ | ||